Detalles MARC
| 000 -LEADER |
| fixed length control field |
01664nam a22003377a 4500 |
| 003 - CONTROL NUMBER IDENTIFIER |
| control field |
OSt |
| 005 - DATE AND TIME OF LATEST TRANSACTION |
| control field |
20260129161824.0 |
| 008 - FIXED-LENGTH DATA ELEMENTS--GENERAL INFORMATION |
| fixed length control field |
260129b |||||||| |||| 00| 0 eng d |
| 020 ## - INTERNATIONAL STANDARD BOOK NUMBER |
| International Standard Book Number |
9789584506290 |
| 037 ## - SOURCE OF ACQUISITION |
| Source of stock number/acquisition |
Donación |
| 040 ## - CATALOGING SOURCE |
| Original cataloging agency |
CO-JMCR |
| Language of cataloging |
spa |
| Transcribing agency |
CO-JMCR |
| Modifying agency |
CO-JMCR |
| Description conventions |
rda |
| 041 1# - LANGUAGE CODE |
| Language code of text/sound track or separate title |
spa |
| Language code of original |
ger |
| 082 04 - DEWEY DECIMAL CLASSIFICATION NUMBER |
| Classification number |
C / |
| Item number |
GROc |
| 100 1# - MAIN ENTRY--PERSONAL NAME |
| Personal name |
Grossmann-Hensel, Katharina, |
| 9 (RLIN) |
44490 |
| 245 10 - TITLE STATEMENT |
| Title |
Cómo se enamoraron mamá y papá / |
| Statement of responsibility, etc. |
texos e ilustraciones Katharina Grossman-Hensel ; traductora Olga Martín. |
| 250 ## - EDITION STATEMENT |
| Edition statement |
Edición Angela Cuartas Villalobos. |
| 260 3# - PUBLICATION, DISTRIBUTION, ETC. |
| Place of publication, distribution, etc. |
Bogotá : |
| Name of publisher, distributor, etc. |
Grupo Editorial Norma, |
| Date of publication, distribution, etc. |
2008. |
| 300 ## - PHYSICAL DESCRIPTION |
| Extent |
[24 páginas] : |
| Other physical details |
ilustraciones ; |
| Dimensions |
27 cm. |
| 490 ## - SERIES STATEMENT |
| Series statement |
Buenas noches |
| 500 ## - GENERAL NOTE |
| General note |
Incluye biografía |
| 520 3# - SUMMARY, ETC. |
| Summary, etc. |
Lo único que tienen en común los papás del pequeño niño que presenta esta historia, es que se aman. A ella le gusta todo lo que tiene color, a él todo lo que no tiene color; ella es desordenada, él es ordenado; ella extraña el verano, él añora el invierno. Por eso, su hijo se pregunta: ¿Cómo se enamoraron? Esta historia, narrada con colores más que con palabras, intenta responder una pregunta que tal vez no tiene respuesta. |
| 534 ## - ORIGINAL VERSION NOTE |
| Introductory phrase |
Título original : |
| Title statement of original |
Wie mama und papa verliebte wurden. |
| 546 ## - LANGUAGE NOTE |
| Language note |
Traducido del aleman |
| 650 #7 - SUBJECT ADDED ENTRY--TOPICAL TERM |
| Topical term or geographic name entry element |
Cuentos infantiles alemanes. |
| Source of heading or term |
JMCR |
| 9 (RLIN) |
1508 |
| 650 #7 - SUBJECT ADDED ENTRY--TOPICAL TERM |
| Topical term or geographic name entry element |
Padres |
| Form subdivision |
Cuentos infantiles. |
| Source of heading or term |
JMCR |
| 9 (RLIN) |
44491 |
| 650 #7 - SUBJECT ADDED ENTRY--TOPICAL TERM |
| Topical term or geographic name entry element |
Amor |
| Form subdivision |
Cuentos infantiles. |
| Source of heading or term |
JMCR |
| 9 (RLIN) |
44492 |
| 650 #7 - SUBJECT ADDED ENTRY--TOPICAL TERM |
| Topical term or geographic name entry element |
Libros ilustrados para niños. |
| Source of heading or term |
JMCR |
| 700 1# - ADDED ENTRY--PERSONAL NAME |
| Personal name |
Martín, Olga, |
| Relator term |
traductora. |
| 9 (RLIN) |
13314 |
| 700 1# - ADDED ENTRY--PERSONAL NAME |
| Personal name |
Cuartas Villalobos, Angela, |
| Dates associated with a name |
1982- |
| Relator term |
editora |
| 9 (RLIN) |
44493 |
| 942 ## - ADDED ENTRY ELEMENTS (KOHA) |
| Source of classification or shelving scheme |
Dewey Decimal Classification |
| Koha item type |
Books |